|
|
|
|
| LEADER |
00000nam0a2200000 4500 |
| 001 |
318400 |
| 005 |
20260323150458.0 |
| 035 |
|
|
|a (RuTPU)RU\TPU\book\343898
|
| 090 |
|
|
|a 318400
|
| 100 |
|
|
|a 20160426d2013 m y0rusy50 ca
|
| 101 |
0 |
|
|a rus
|
| 102 |
|
|
|a RU
|
| 105 |
|
|
|a a j 000zy
|
| 135 |
|
|
|a drnn ---uucaa
|
| 181 |
|
0 |
|a i
|
| 182 |
|
0 |
|a b
|
| 200 |
1 |
|
|a Электроснабжение промышленных предприятий
|e учебно-методическое пособие
|f А. И. Гаврилин, С. Г. Обухов, А. И. Озга
|g Национальный исследовательский Томский политехнический университет (ТПУ)
|
| 203 |
|
|
|a Текст
|c электронный
|
| 205 |
|
|
|a 3-е изд., испр. и доп.
|
| 210 |
|
|
|a Томск
|c Изд-во ТПУ
|d 2013
|
| 300 |
|
|
|a Заглавие с экрана.
|
| 371 |
0 |
|
|a AM_TPU_network
|
| 606 |
1 |
|
|a Промышленные предприятия
|x Электроснабжение
|x Эффективность
|2 stltpush
|3 (RuTPU)RU\TPU\subj\52736
|9 71139
|
| 610 |
1 |
|
|a энергоснабжение
|
| 610 |
1 |
|
|a курсовые проекты
|
| 610 |
1 |
|
|a требования
|
| 610 |
1 |
|
|a оформление
|
| 610 |
1 |
|
|a проектирование
|
| 610 |
1 |
|
|a методические указания
|
| 610 |
1 |
|
|a учебные пособия
|
| 610 |
1 |
|
|a труды учёных ТПУ
|
| 610 |
1 |
|
|a электронный ресурс
|
| 675 |
|
|
|a 658.26621.31(076)
|v 3
|
| 700 |
|
1 |
|a Гаврилин
|b А. И.
|g Анатолий Иванович
|
| 701 |
|
1 |
|a Обухов
|b С. Г.
|c специалист в области электроэнергетики
|c профессор Томского политехнического университета, доктор технических наук
|f 1963-
|g Сергей Геннадьевич
|3 (RuTPU)RU\TPU\pers\26337
|9 12090
|
| 701 |
|
1 |
|a Озга
|b А. И.
|c специалист в области начертательной геометрии
|c доцент Томского политехнического университета, кандидат технических наук
|f 1944-
|g Анатолий Иосифович
|3 (RuTPU)RU\TPU\pers\28993
|9 13714
|
| 712 |
0 |
2 |
|a Национальный исследовательский Томский политехнический университет (ТПУ)
|b Энергетический институт (ЭНИН)
|b Кафедра электроснабжения промышленных предприятий (ЭПП)
|3 (RuTPU)RU\TPU\col\18676
|
| 801 |
|
1 |
|a RU
|b 63413507
|c 20041228
|g PSBO
|
| 801 |
|
2 |
|a RU
|b 63413507
|c 20201118
|g PSBO
|
| 856 |
4 |
0 |
|u http://www.lib.tpu.ru/fulltext2/m/2016/m070.pdf
|z http://www.lib.tpu.ru/fulltext2/m/2016/m070.pdf
|
| 942 |
|
|
|c CF
|